[Event "Stuttgarter Stadtmeisterschaft"]
[Site "Ditzingen"]
[Date "2008.05.01"]
[Round "1.1"]
[White "Cofman, Veaceslav"]
[Black "Zimmermann, Tobias"]
[Result "0-1"]
[WhiteElo "1894"]
[BlackElo "1642"]
[PlyCount "52"]
[EventDate "2008.05.??"]
[EventType "swiss"]
[EventRounds "7"]
[EventCountry "GER"]

1. d4 Nf6 2. c4 g6 3. Nc3 Bg7 4. Nf3 O-O 5. e4 d6 6. Be3 e5 7. dxe5 dxe5 8. Bg5
c6 9. Be2 Nbd7 10. O-O Qc7 11. Qc2 Nc5 12. Rad1 Bg4 13. Be3 Ne6 14. b4 Rad8 15.
Nd2 Nd4 16. Bxd4 exd4 17. e5 Bxe2 18. exf6 d3 19. Qb2 Bxf6 20. Nde4 Be5 21. Qd2
Bxh2+ 22. Kh1 Bf4 23. Qb2 Be5 24. Qd2 Bf4 25. Qb2 Qe5 26. Qb1 Qh5+ 0-1

[Event "Stuttgarter Stadtmeisterschaft"]
[Site "Ditzingen"]
[Date "2008.05.01"]
[Round "1.2"]
[White "Straub, Reiner"]
[Black "Auterhoff, Jürgen"]
[Result "1-0"]
[WhiteElo "1638"]
[BlackElo "1891"]
[PlyCount "117"]
[EventDate "2008.05.??"]
[EventType "swiss"]
[EventRounds "7"]
[EventCountry "GER"]

1. d4 Nf6 2. Nc3 d5 3. e4 dxe4 4. f3 exf3 5. Nxf3 Bg4 6. h3 Bh5 7. g4 Bg6 8.
Bc4 e6 9. O-O Nbd7 10. Bg5 Be7 11. Qe1 h6 12. Bf4 Nb6 13. Bb3 O-O 14. Rd1 a5
15. Ne5 Nbd5 16. Nxg6 Nxc3 17. Nxe7+ Qxe7 18. bxc3 b5 19. a4 c6 20. g5 Nh5 21.
gxh6 Nxf4 22. Rxf4 Qg5+ 23. Rg4 Qxh6 24. Kh2 Qh5 25. Qe2 g6 26. Rdg1 Kh7 27.
Qf2 Kg7 28. Rg5 Qh6 29. Qg3 Rae8 30. axb5 cxb5 31. Rxb5 Ra8 32. Rg5 Ra6 33.
Qe5+ Kh7 34. Qf6 a4 35. Ba2 Rc6 36. c4 Rc7 37. R1g2 Rb7 38. c3 a3 39. Ra5 Rb2
40. Rxa3 Rxg2+ 41. Kxg2 Qd2+ 42. Qf2 Qg5+ 43. Kh2 Kg7 44. c5 Rh8 45. c4 Rh4 46.
Rf3 f6 47. Bb1 f5 48. c6 Rh8 49. d5 Qe7 50. Qd4+ e5 51. Qb2 Kf7 52. Bxf5 gxf5
53. Rxf5+ Kg6 54. Qxe5 Qxe5+ 55. Rxe5 Kf6 56. Re2 Rh4 57. c7 Rxc4 58. Re6+ Kf7
59. Rc6 1-0

[Event "Stuttgarter Stadtmeisterschaft"]
[Site "Ditzingen"]
[Date "2008.05.01"]
[Round "1.3"]
[White "Rühl, Volker"]
[Black "Zaytsev, Evgeny"]
[Result "1/2-1/2"]
[WhiteElo "1886"]
[BlackElo "1638"]
[PlyCount "54"]
[EventDate "2008.05.??"]
[EventType "swiss"]
[EventRounds "7"]
[EventCountry "GER"]

1. e4 d6 2. d4 Nf6 3. Nc3 g6 4. Bg5 Bg7 5. f4 O-O 6. Qd2 c5 7. Nf3 cxd4 8. Nxd4
Nc6 9. Nf3 Bg4 10. Bc4 Bxf3 11. gxf3 e5 12. Ne2 Qc7 13. Bb3 a5 14. a3 a4 15.
Ba2 exf4 16. Bxf4 Ne5 17. Bxe5 dxe5 18. Nc3 Qb6 19. O-O-O Rfd8 20. Nd5 Nxd5 21.
Bxd5 Bf8 22. Qg5 Rd7 23. Rd3 Rc8 24. h4 h5 25. Kb1 Kh7 26. Qg3 Qc7 27. Rc3 Bc5
1/2-1/2

[Event "Stuttgarter Stadtmeisterschaft"]
[Site "Ditzingen"]
[Date "2008.05.01"]
[Round "1.4"]
[White "Aubel, Stefan"]
[Black "Rieder, Josef"]
[Result "1/2-1/2"]
[WhiteElo "1634"]
[BlackElo "1872"]
[PlyCount "161"]
[EventDate "2008.05.??"]
[EventType "swiss"]
[EventRounds "7"]
[EventCountry "GER"]

1. d4 d5 2. c4 c6 3. cxd5 cxd5 4. Nc3 Nc6 5. Nf3 Nf6 6. Bf4 a6 7. e3 Bf5 8. Bd3
Bxd3 9. Qxd3 e6 10. O-O Be7 11. a3 Nh5 12. Ne2 Nxf4 13. Nxf4 Qd6 14. Qb3 O-O
15. Rac1 Na5 16. Qc3 Nc4 17. Nd2 b5 18. Nd3 Bd8 19. b4 Bc7 20. g3 f6 21. Nc5
Rae8 22. a4 e5 23. a5 Bb8 24. Ndb3 e4 25. Kg2 f5 26. h4 h6 27. Rh1 h5 28. Rce1
Rf6 29. Nc1 Rg6 30. Ne2 Qc6 31. Qc1 Rg4 32. Kh3 Re7 33. Reg1 Qg6 34. Nf4 Bxf4
35. exf4 Qf6 36. Re1 Qxd4 37. Qc2 Qb2 38. Qxb2 Nxb2 39. Nxa6 Nd3 40. Re2 Rg6
41. Nc5 Nxb4 42. Rb1 Rc7 43. Nxe4 dxe4 44. Rxb4 Rc1 45. Rxb5 Rd6 46. Rxf5 g6
47. Rb5 Rd4 48. a6 Ra1 49. Rb6 Rda4 50. Rxg6+ Kh7 51. Rb6 Rd4 52. Rc2 Rd7 53.
Rb7 Rxb7 54. axb7 Rb1 55. Rc7+ Kg6 56. Re7 Rb4 57. Rxe4 Rxb7 58. Ra4 Rb6 59.
Ra5 Rf6 60. f3 Kh6 61. Ra4 Rg6 62. g4 Rb6 63. gxh5 Kxh5 64. Ra5+ Kh6 65. Kg4
Rf6 66. f5 Rb6 67. f4 Rc6 68. Re5 Rc1 69. Re6+ Kh7 70. Kh5 Rc5 71. Re7+ Kg8 72.
Kg6 Kf8 73. f6 Rc1 74. h5 Rf1 75. Ra7 Rg1+ 76. Kf5 Rh1 77. Rb7 Rh2 78. Kg6 Rg2+
79. Kh6 Rg4 80. f5 Rg1 81. Rg7 1/2-1/2

[Event "Stuttgarter Stadtmeisterschaft"]
[Site "Ditzingen"]
[Date "2008.05.01"]
[Round "1.5"]
[White "Meinecke, Klaus-Hinrich"]
[Black "Krebs, Thomas"]
[Result "1/2-1/2"]
[WhiteElo "1869"]
[BlackElo "1630"]
[PlyCount "80"]
[EventDate "2008.05.??"]
[EventType "swiss"]
[EventRounds "7"]
[EventCountry "GER"]

1. e4 c5 2. Nf3 d6 3. d4 cxd4 4. Nxd4 Nf6 5. Nc3 Nc6 6. Be2 e6 7. Be3 Bd7 8.
Ndb5 Bc8 9. Bf4 e5 10. Bg5 a6 11. Na3 Be6 12. Nc4 Bxc4 13. Bxc4 Be7 14. a3 O-O
15. O-O Rc8 16. Ba2 Nd4 17. Qd3 b5 18. Rac1 h6 19. Be3 Nc6 20. f3 Na5 21. Rcd1
Nc4 22. Bc1 Qc7 23. Nb1 Rfd8 24. b3 Nb6 25. c3 d5 26. exd5 Nbxd5 27. Qe2 Nxc3
28. Nxc3 Qxc3 29. Rxd8+ Rxd8 30. Rd1 Rxd1+ 31. Qxd1 Qd4+ 32. Qxd4 exd4 33. b4
Bd8 34. Kf2 Kf8 35. Ke2 Ke7 36. Kd3 Bb6 37. Bb2 Nd7 38. Bxd4 Bxd4 39. Kxd4 f6
40. Kd5 Nb6+ 1/2-1/2

[Event "Stuttgarter Stadtmeisterschaft"]
[Site "Ditzingen"]
[Date "2008.05.01"]
[Round "1.6"]
[White "Lörincz, Peter"]
[Black "Behm, Wilfried"]
[Result "1/2-1/2"]
[WhiteElo "1630"]
[BlackElo "1860"]
[PlyCount "43"]
[EventDate "2008.05.??"]
[EventType "swiss"]
[EventRounds "7"]
[EventCountry "GER"]
[WhiteTeam "SK Lauffen"]
[BlackTeam "SV Wolfbusch"]

1. c4 c6 2. d4 d5 3. cxd5 cxd5 4. Nf3 Nf6 5. Nc3 Nc6 6. a3 e6 7. g3 Be7 8. Bg2
O-O 9. O-O a6 10. Re1 b5 11. Ne5 Qb6 12. Nxc6 Qxc6 13. e4 dxe4 14. Nxe4 Nd5 15.
Bg5 Bxg5 16. Nxg5 Qd7 17. Qh5 Nf6 18. Qh4 Ra7 19. Re5 Bb7 20. Nxh7 Nxh7 21. Rh5
g5 22. Rxg5+ 1/2-1/2

[Event "Stuttgarter Stadtmeisterschaft"]
[Site "Ditzingen"]
[Date "2008.05.01"]
[Round "1.7"]
[White "Ellinger, Harald"]
[Black "Möller, Albrecht"]
[Result "1/2-1/2"]
[WhiteElo "1854"]
[BlackElo "1629"]
[PlyCount "40"]
[EventDate "2008.05.??"]
[EventType "swiss"]
[EventRounds "7"]
[EventCountry "GER"]

1. Nf3 b6 2. c4 Bb7 3. Nc3 f5 4. Qc2 e6 5. d4 Nf6 6. a3 g6 7. Bg5 Bg7 8. e3 d6
9. Be2 Nbd7 10. O-O O-O 11. Rfd1 a6 12. Rac1 h6 13. Bxf6 Qxf6 14. d5 e5 15. b4
Rae8 16. Na4 Rc8 17. c5 bxc5 18. bxc5 dxc5 19. Nxc5 Nxc5 20. Qxc5 Qd6 1/2-1/2

[Event "Stuttgarter Stadtmeisterschaft"]
[Site "Ditzingen"]
[Date "2008.05.01"]
[Round "1.8"]
[White "Dietsche, Birgit"]
[Black "Bulgrin, Uwe"]
[Result "0-1"]
[WhiteElo "1610"]
[BlackElo "1840"]
[PlyCount "62"]
[EventDate "2008.05.??"]
[EventType "swiss"]
[EventRounds "7"]
[EventCountry "GER"]

1. d4 d5 2. Bf4 Nf6 3. e3 Bf5 4. Nd2 e6 5. Ngf3 h6 6. h3 Bd6 7. Ne5 a6 8. c3
Nbd7 9. Be2 Bxe5 10. dxe5 Ne4 11. Bf3 Ndc5 12. Be2 O-O 13. Nf3 b5 14. Nd4 Bh7
15. O-O Na4 16. Qc1 c5 17. Nb3 Qb6 18. c4 bxc4 19. Nd2 Nxd2 20. Qxd2 Qxb2 21.
Qxb2 Nxb2 22. Rac1 Rfc8 23. Bg3 Rab8 24. Bh4 Kf8 25. f4 Nd3 26. Rc3 Rb2 27.
Bxd3 cxd3 28. Ra3 d2 29. Rb3 Rb8 30. Rxb8+ Rxb8 31. Rd1 Rb1 0-1

[Event "Stuttgarter Stadtmeisterschaft"]
[Site "Ditzingen"]
[Date "2008.05.01"]
[Round "1.9"]
[White "Baumeister, Jürgen"]
[Black "Tessmer, Hans-Peter"]
[Result "1-0"]
[WhiteElo "1834"]
[BlackElo "1610"]
[PlyCount "77"]
[EventDate "2008.05.??"]
[EventType "swiss"]
[EventRounds "7"]
[EventCountry "GER"]

1. c4 Nf6 2. Nc3 e5 3. g3 g6 4. Bg2 Bg7 5. d3 O-O 6. Bg5 c6 7. Qd2 d6 8. h4 Qc7
9. Bxf6 Bxf6 10. h5 g5 11. Ne4 Qe7 12. h6 Bf5 13. Nxf6+ Qxf6 14. Rh5 Nd7 15.
Qxg5+ Bg6 16. Qg4 Nc5 17. Be4 Kh8 18. Rh2 Bxe4 19. dxe4 Rg8 20. Qh4 Qe6 21. f3
Qg6 22. O-O-O Rad8 23. Nh3 Ne6 24. Nf2 Nd4 25. Ng4 f5 26. exf5 Nxf5 27. Qh3
Qg5+ 28. Kb1 Ne3 29. Nxe3 Qxe3 30. Qe6 Qg5 31. Rxd6 Rxd6 32. Qxd6 Rg6 33. Qf8+
Rg8 34. Qf7 Qd8 35. Kc2 Rxg3 36. e3 Qg5 37. Qf8+ Qg8 38. Qf6+ Rg7 39. Rh4 1-0

[Event "Stuttgarter Stadtmeisterschaft"]
[Site "Ditzingen"]
[Date "2008.05.01"]
[Round "1.10"]
[White "Kvetny, Mark"]
[Black "Rix, Michael"]
[Result "1-0"]
[WhiteElo "1606"]
[BlackElo "1820"]
[PlyCount "41"]
[EventDate "2008.05.??"]
[EventType "swiss"]
[EventRounds "7"]
[EventCountry "GER"]
[WhiteTeam "SV Altbach"]
[BlackTeam "SF Lichtenstein"]

1. d4 Nf6 2. c4 e5 3. dxe5 Ng4 4. Bf4 Bb4+ 5. Nd2 Nc6 6. Ngf3 Qe7 7. a3 Bxd2+
8. Qxd2 Ngxe5 9. Nxe5 Nxe5 10. e3 d6 11. Be2 Be6 12. Rc1 O-O-O 13. Bxe5 dxe5
14. Qa5 Qd6 15. Rd1 Qc6 16. O-O e4 17. Qxa7 b6 18. c5 b5 19. a4 Bc4 20. axb5
Bxb5 21. Bg4+ 1-0

[Event "Stuttgarter Stadtmeisterschaft"]
[Site "Ditzingen"]
[Date "2008.05.01"]
[Round "1.11"]
[White "Drapchin, Marc"]
[Black "Srokovskiy, Andrea"]
[Result "1-0"]
[WhiteElo "1814"]
[BlackElo "1604"]
[PlyCount "87"]
[EventDate "2008.05.??"]
[EventType "swiss"]
[EventRounds "7"]
[EventCountry "GER"]

1. e4 c5 2. Nf3 a6 3. d4 cxd4 4. Nxd4 Nf6 5. Nc3 e5 6. Nb3 Bb4 7. f3 Qc7 8. Bd2
O-O 9. Be2 d6 10. O-O Be6 11. Kh1 Bxc3 12. Bxc3 Nc6 13. Qd2 Rfd8 14. Na5 Rd7
15. Bd3 Rc8 16. Rfc1 Qd8 17. Nxb7 Rxb7 18. Bxa6 Rbb8 19. Bxc8 Rxc8 20. a3 Qe7
21. Rd1 Rd8 22. Qf2 Nh5 23. Rd2 Nf4 24. Rad1 h6 25. b4 f6 26. b5 Na7 27. a4 Nc8
28. Bb4 Bc4 29. h3 Qe6 30. b6 Nxh3 31. gxh3 Qxh3+ 32. Kg1 Qh5 33. b7 Qg5+ 34.
Qg2 Qe3+ 35. Kh1 Ne7 36. Rxd6 Rf8 37. Bd2 Qe2 38. Qxe2 Bxe2 39. Rb1 Bxf3+ 40.
Kg1 Rb8 41. a5 Bxe4 42. a6 Nc6 43. Rxc6 Bxc6 44. a7 1-0

[Event "Stuttgarter Stadtmeisterschaft"]
[Site "Ditzingen"]
[Date "2008.05.01"]
[Round "1.12"]
[White "Koeller, Horst"]
[Black "Follmer, Helmuth"]
[Result "1/2-1/2"]
[WhiteElo "1599"]
[BlackElo "1807"]
[PlyCount "103"]
[EventDate "2008.05.??"]
[EventType "swiss"]
[EventRounds "7"]
[EventCountry "GER"]

1. d4 Nf6 2. Nc3 e6 3. e4 d5 4. exd5 exd5 5. Bd3 Be7 6. Nf3 Bg4 7. h3 Bh5 8. g4
Bg6 9. Bf4 c6 10. Bxg6 hxg6 11. Qd3 Nxg4 12. Qf1 Nh6 13. O-O-O O-O 14. Kb1 Nd7
15. h4 Nf6 16. Bxh6 gxh6 17. Ne5 Nd7 18. h5 Nxe5 19. dxe5 g5 20. f4 f6 21. Qd3
f5 22. fxg5 Bxg5 23. Rdf1 Qd7 24. Rhg1 Qh7 25. Ne2 Kh8 26. Nf4 Bxf4 27. Rxf4
Rg8 28. Rgf1 Raf8 29. a3 Rg5 30. Qe2 Qf7 31. e6 Qf6 32. a4 Re8 33. Re1 Rg7 34.
Qf2 Rxe6 35. Rxe6 Qxe6 36. Rxf5 a6 37. Rf6 Qg4 38. Rxh6+ Kg8 39. Qf6 Qd7 40.
Qe5 c5 41. b3 c4 42. Rg6 Rxg6 43. hxg6 cxb3 44. cxb3 d4 45. Qh5 b6 46. Qh7+
Qxh7 47. gxh7+ Kxh7 48. Kc2 Kg6 49. Kd3 Kf6 50. Kxd4 Ke6 51. b4 Kd6 52. Kc4
1/2-1/2

[Event "Stuttgarter Stadtmeisterschaft"]
[Site "Ditzingen"]
[Date "2008.05.01"]
[Round "1.13"]
[White "Kang, Moon-Gu"]
[Black "Mack, Markus"]
[Result "1-0"]
[WhiteElo "1797"]
[BlackElo "1599"]
[PlyCount "70"]
[EventDate "2008.05.??"]
[EventType "swiss"]
[EventRounds "7"]
[EventCountry "GER"]

1. Nf3 c5 2. g3 g6 3. Bg2 Bg7 4. O-O Nc6 5. e4 d6 6. c3 Nf6 7. Re1 O-O 8. h3
Nd7 9. d4 cxd4 10. cxd4 Qb6 11. d5 Nce5 12. Nc3 Nxf3+ 13. Qxf3 Ne5 14. Qe2 Qc5
15. Bf1 a6 16. Be3 Qa5 17. f4 Nd7 18. a3 b5 19. b4 Qd8 20. Rac1 Nb6 21. Qf2 Nc4
22. Bxc4 bxc4 23. g4 Bd7 24. Bd4 Rc8 25. Bxg7 Kxg7 26. Qd4+ Kg8 27. e5 e6 28.
Ne4 dxe5 29. fxe5 exd5 30. Nf6+ Kg7 31. Nxd7 Qh4 32. Re3 c3 33. e6+ f6 34. Nxf8
Rc4 35. Qa7+ Kh6 1-0

[Event "Stuttgarter Stadtmeisterschaft"]
[Site "Ditzingen"]
[Date "2008.05.01"]
[Round "1.14"]
[White "Schäfer-Siebert, Heiko"]
[Black "Feller, Florian"]
[Result "0-1"]
[WhiteElo "1598"]
[BlackElo "1794"]
[PlyCount "56"]
[EventDate "2008.05.??"]
[EventType "swiss"]
[EventRounds "7"]
[EventCountry "GER"]
[WhiteTeam "SAbt TSV Münchingen"]
[BlackTeam "SGem Vaihingen-Rohr"]

1. e4 c5 2. Nf3 Nc6 3. d4 cxd4 4. Nxd4 Nf6 5. Nc3 e5 6. Ndb5 d6 7. Bg5 a6 8.
Bxf6 gxf6 9. Na3 b5 10. Nd5 Be6 11. c3 Bg7 12. Nc2 f5 13. exf5 Bxf5 14. a4 bxa4
15. Rxa4 a5 16. Nce3 Be6 17. Bb5 Bd7 18. Nc4 O-O 19. Nxd6 Rb8 20. c4 Nd4 21.
Nc3 Qg5 22. Rg1 Bg4 23. Qd2 Qh5 24. h3 Bf3 25. Qd3 e4 26. Ndxe4 Bxe4 27. Qxe4
Nxb5 28. g4 Qh4 0-1

[Event "Stuttgarter Stadtmeisterschaft"]
[Site "Ditzingen"]
[Date "2008.05.01"]
[Round "1.15"]
[White "Mainik, Andreas"]
[Black "Schnorr, Christian"]
[Result "1-0"]
[WhiteElo "1777"]
[BlackElo "1585"]
[PlyCount "63"]
[EventDate "2008.05.??"]
[EventType "swiss"]
[EventRounds "7"]
[EventCountry "GER"]
[WhiteTeam "SV Fellbach"]
[BlackTeam "SV Wolfbusch"]

1. e4 c5 2. Nc3 e6 3. g3 d6 4. Bg2 Nc6 5. d3 Nf6 6. f4 Be7 7. Nf3 a6 8. O-O Qc7
9. Bd2 b5 10. a3 Bb7 11. b4 O-O 12. Ne2 d5 13. e5 Nd7 14. c3 f6 15. d4 cxd4 16.
cxd4 fxe5 17. fxe5 Nb6 18. Ng5 Rxf1+ 19. Bxf1 Bxg5 20. Bxg5 Nc4 21. Bh3 h6 22.
Bxe6+ Kh8 23. Bf4 g5 24. Bd2 Nxd2 25. Qxd2 Nd8 26. Bh3 Bc8 27. Rc1 Qb7 28. Bg2
Be6 29. Rc5 Rc8 30. Qc2 Rxc5 31. Qxc5 Qc6 32. Qf8+ 1-0

[Event "Stuttgarter Stadtmeisterschaft"]
[Site "Ditzingen"]
[Date "2008.05.01"]
[Round "1.16"]
[White "Adler, Alexander"]
[Black "Florio, Antonio"]
[Result "1-0"]
[WhiteElo "1584"]
[BlackElo "1750"]
[PlyCount "75"]
[EventDate "2008.05.??"]
[EventType "swiss"]
[EventRounds "7"]
[EventCountry "GER"]

1. e4 c5 2. b4 cxb4 3. a3 Qa5 4. Bb2 e6 5. Nf3 Nf6 6. Bd3 Qh5 7. axb4 Bxb4 8.
c3 Bc5 9. Bc2 Nc6 10. d4 Be7 11. e5 Nd5 12. h3 f5 13. Qd2 b6 14. Ba3 Bb7 15.
Bxe7 Ncxe7 16. Na3 O-O 17. Nb5 Nc8 18. c4 Nde7 19. Bd1 f4 20. Nc7 Rb8 21. d5 a5
22. Ba4 exd5 23. cxd5 Qf5 24. O-O g5 25. Rfe1 g4 26. Bc2 Qh5 27. hxg4 Qxg4 28.
Qd3 Rf7 29. Re4 Rg7 30. Ne1 Na7 31. Raa4 Nac6 32. Rxf4 Qh5 33. dxc6 Bxc6 34.
Rad4 Ng6 35. Qb3+ Kh8 36. Bxg6 Bxg2 37. Nxg2 Rxg6 38. Qf3 1-0

[Event "Stuttgarter Stadtmeisterschaft"]
[Site "Ditzingen"]
[Date "2008.05.01"]
[Round "1.17"]
[White "König, Torsten"]
[Black "Kruck, Mathias"]
[Result "0-1"]
[WhiteElo "1746"]
[BlackElo "1583"]
[PlyCount "34"]
[EventDate "2008.05.??"]
[EventType "swiss"]
[EventRounds "7"]
[EventCountry "GER"]
[WhiteTeam "SF Conweiler"]
[BlackTeam "SV Wolfbusch"]

1. e4 c5 2. Nf3 Nc6 3. d4 cxd4 4. c3 Nf6 5. e5 Ng4 6. cxd4 d6 7. Bb5 Bd7 8. h3
Nh6 9. Bxh6 gxh6 10. e6 fxe6 11. Ng5 Qa5+ 12. Nc3 hxg5 13. Qh5+ Kd8 14. Qxg5 a6
15. a3 axb5 16. O-O Nxd4 17. Rfd1 Qb6 0-1

[Event "Stuttgarter Stadtmeisterschaft"]
[Site "Ditzingen"]
[Date "2008.05.01"]
[Round "1.18"]
[White "Riepert, Steffen"]
[Black "Gibicar, Danijel"]
[Result "1/2-1/2"]
[WhiteElo "1579"]
[BlackElo "1745"]
[PlyCount "125"]
[EventDate "2008.05.??"]
[EventType "swiss"]
[EventRounds "7"]
[EventCountry "GER"]

1. d4 Nf6 2. c4 e6 3. Nc3 Bb4 4. e3 Nc6 5. Nf3 d6 6. Be2 Bxc3+ 7. bxc3 Qe7 8.
Ba3 b6 9. O-O Bb7 10. Qc2 O-O 11. Bd3 e5 12. dxe5 Nxe5 13. Nxe5 Qxe5 14. Rae1
Be4 15. f3 Bxd3 16. Qxd3 Rfe8 17. Bc1 Nd7 18. Bd2 Qe6 19. Qd5 Ne5 20. Qxe6 Rxe6
21. c5 dxc5 22. e4 Nd3 23. Rd1 Rd6 24. Bg5 f6 25. Bh4 Rad8 26. Rd2 Nf4 27. Rc2
Rd2 28. Rf2 Rxc2 29. Rxc2 c4 30. Bg3 Ne6 31. Kf1 g5 32. h4 h6 33. Kf2 Rd3 34.
Ke2 Nf4+ 35. Kf2 Kf7 36. Bxf4 gxf4 37. g3 fxg3+ 38. Kxg3 Ke6 39. Kf4 c5 40. a4
a6 41. Kg3 h5 42. Kf4 Rd8 43. Rb2 Rb8 44. Ke3 f5 45. Kf4 fxe4 46. Kxe4 b5 47.
a5 b4 48. cxb4 cxb4 49. Kd4 c3 50. Re2+ Kd6 51. f4 Rb5 52. Kc4 Rc5+ 53. Kb3 Kc6
54. Rg2 Kb5 55. Rg5 Kc6 56. Rg6+ Kb5 57. Rg5 Kc6 58. Rg6+ Kd7 59. Rg2 Rxa5 60.
Rg7+ Ke6 61. Rg2 Rc5 62. Rg6+ Kf7 63. Rg2 1/2-1/2

[Event "Stuttgarter Stadtmeisterschaft"]
[Site "Ditzingen"]
[Date "2008.05.01"]
[Round "1.19"]
[White "Ölke, Erhard"]
[Black "Maisch, Julian"]
[Result "1/2-1/2"]
[WhiteElo "1741"]
[BlackElo "1574"]
[PlyCount "45"]
[EventDate "2008.05.??"]
[EventType "swiss"]
[EventRounds "7"]
[EventCountry "GER"]

1. e4 e5 2. Nf3 Nc6 3. Bb5 a6 4. Ba4 Nf6 5. Nc3 b5 6. Bb3 d6 7. Ng5 d5 8. exd5
Nd4 9. d3 Nxb3 10. axb3 Bb7 11. Qe2 Bd6 12. Nge4 Nxd5 13. O-O O-O 14. Nxd6 cxd6
15. Nxd5 Bxd5 16. b4 Qh4 17. Bd2 f5 18. f4 e4 19. d4 Bc4 20. Qf2 Qxf2+ 21. Rxf2
Rfe8 22. Be3 Bd5 23. c3 1/2-1/2

[Event "Stuttgarter Stadtmeisterschaft"]
[Site "Ditzingen"]
[Date "2008.05.01"]
[Round "1.21"]
[White "Mueller, Nils Samuel"]
[Black "Schäfer-Siebert, Carsten"]
[Result "1-0"]
[WhiteElo "1738"]
[BlackElo "1565"]
[PlyCount "123"]
[EventDate "2008.05.??"]
[EventType "swiss"]
[EventRounds "7"]
[EventCountry "GER"]

1. e4 e6 2. d4 d5 3. Nc3 Nf6 4. Bg5 Be7 5. e5 Nfd7 6. Bxe7 Qxe7 7. f4 a6 8. Nf3
c5 9. Qd2 Nc6 10. g4 cxd4 11. Ne2 Nc5 12. Nexd4 Ne4 13. Nxc6 Nxd2 14. Nxe7
Nxf3+ 15. Kf2 Nd4 16. c3 Nc6 17. Nxc6 bxc6 18. b3 O-O 19. Bg2 Ra7 20. Rhd1 f6
21. Kg3 fxe5 22. fxe5 Raf7 23. Rf1 Rxf1 24. Rxf1 Rxf1 25. Bxf1 g5 26. b4 Kf7
27. Bd3 h6 28. a4 Ke7 29. h4 Kd8 30. h5 Kc7 31. Kf3 Kb6 32. a5+ Kc7 33. Ke3 Bb7
34. Kd4 Bc8 35. Kc5 Bb7 36. Bg6 Bc8 37. Bf7 Bd7 38. Bg6 Bc8 39. Be8 Bb7 40. Bg6
Bc8 41. Bd3 Bb7 42. c4 Bc8 43. cxd5 exd5 44. Kd4 Be6 45. Bf5 Bxf5 46. gxf5 Kd7
47. Ke3 Ke7 48. Kd4 Kf7 49. Kd3 Ke7 50. Ke3 Kf7 51. Kf3 Ke7 52. Ke3 Kf7 53. Kd4
Ke7 54. Ke3 Kf7 55. f6 Ke6 56. Kf3 Kf7 57. Kg3 Ke6 58. Kg4 Kf7 59. Kf5 Kf8 60.
e6 Ke8 61. f7+ Ke7 62. Kg6 1-0

[Event "Stuttgarter Stadtmeisterschaft"]
[Site "Ditzingen"]
[Date "2008.05.01"]
[Round "1.22"]
[White "Schmitz, Harald"]
[Black "Pillath, Marcus"]
[Result "1/2-1/2"]
[WhiteElo "1559"]
[BlackElo "1738"]
[PlyCount "73"]
[EventDate "2008.05.??"]
[EventType "swiss"]
[EventRounds "7"]
[EventCountry "GER"]

1. e4 c6 2. d4 d5 3. exd5 cxd5 4. Nf3 Bf5 5. Bd3 Bxd3 6. Qxd3 e6 7. O-O Nf6 8.
Re1 Be7 9. Nbd2 Nbd7 10. Nf1 Rc8 11. Ng3 Qc7 12. c3 h6 13. Bd2 Qc4 14. Qxc4
Rxc4 15. Re2 O-O 16. Rae1 Re8 17. Nf5 Bf8 18. Bf4 Rcc8 19. Nd6 Bxd6 20. Bxd6
Rc6 21. Bg3 Ne4 22. Ne5 Nxg3 23. hxg3 Nxe5 24. Rxe5 f6 25. Rxd5 Rb6 26. b3 Rc8
27. Rc5 Rxc5 28. dxc5 Rc6 29. b4 Kf7 30. Rd1 Ke7 31. f3 b6 32. cxb6 axb6 33.
Rd3 b5 34. Kf2 e5 35. Ke2 Ke6 36. Kd2 Ra6 37. Ke3 1/2-1/2

[Event "Stuttgarter Stadtmeisterschaft"]
[Site "Ditzingen"]
[Date "2008.05.01"]
[Round "1.24"]
[White "Carlacci, Umberto"]
[Black "Preiss, Wolfgang"]
[Result "1/2-1/2"]
[WhiteElo "1551"]
[BlackElo "1731"]
[PlyCount "99"]
[EventDate "2008.05.??"]
[EventType "swiss"]
[EventRounds "7"]
[EventCountry "GER"]

1. d4 Nf6 2. Nf3 d5 3. e3 Bf5 4. c4 c6 5. Qb3 Qc7 6. Nc3 e6 7. cxd5 exd5 8. Be2
Bd6 9. h3 Nbd7 10. Bd2 O-O 11. Rc1 Qb6 12. O-O Qxb3 13. axb3 Rfe8 14. Nh4 Be4
15. Nf3 h6 16. Ne1 Bf5 17. Bd3 Be4 18. Nxe4 Nxe4 19. Bc3 Ndf6 20. Nc2 Rac8 21.
b4 a6 22. Rfd1 Nd7 23. Be1 Nb6 24. b3 g6 25. Bxe4 Rxe4 26. Bc3 Be7 27. Ne1 f5
28. Nd3 Bg5 29. Ne5 Kg7 30. Bd2 Re8 31. g3 Re7 32. Kg2 Nd7 33. Re1 Nxe5 34.
dxe5 d4 35. f4 dxe3 36. Rxe3 Bxf4 37. gxf4 Rxf4 38. Bc3 Kf7 39. Rd1 Rh4 40. Rd6
Re6 41. Rd7+ Re7 42. Red3 Re4 43. Kf3 Rh4 44. Kg3 Re4 45. h4 Rg4+ 46. Kh3 Re4
47. Rd8 Re8 48. R8d4 R8xe5 49. Rd7+ Re7 50. Rxe7+ 1/2-1/2

[Event "Stuttgarter Stadtmeisterschaft"]
[Site "Ditzingen"]
[Date "2008.05.01"]
[Round "1.25"]
[White "Henninger, Jakob"]
[Black "Hartmann, Christian"]
[Result "1-0"]
[WhiteElo "1730"]
[BlackElo "1543"]
[PlyCount "39"]
[EventDate "2008.05.??"]
[EventType "swiss"]
[EventRounds "7"]
[EventCountry "GER"]
[WhiteTeam "SV Worms 1878"]
[BlackTeam "Stiftung BSW - Schachgruppe Münc"]

1. Nf3 c5 2. e4 a6 3. Nc3 e6 4. d4 cxd4 5. Nxd4 Bc5 6. Nb3 Ba7 7. Be2 b5 8. a4
b4 9. Na2 Bb7 10. Bf3 a5 11. c3 Nc6 12. cxb4 axb4 13. Bd2 Qf6 14. Nxb4 Nxb4 15.
Bxb4 Bxe4 16. Qd6 Bxf2+ 17. Kxf2 Qxb2+ 18. Nd2 O-O-O 19. Qa6+ Kb8 20. Bd6# 1-0

[Event "Stuttgarter Stadtmeisterschaft"]
[Site "Ditzingen"]
[Date "2008.05.01"]
[Round "1.26"]
[White "Romer, Reinhard"]
[Black "Huynh, Nhi Lang"]
[Result "0-1"]
[WhiteElo "1516"]
[BlackElo "1730"]
[PlyCount "72"]
[EventDate "2008.05.??"]
[EventType "swiss"]
[EventRounds "7"]
[EventCountry "GER"]

1. Nf3 c5 2. e4 Nc6 3. d4 cxd4 4. Nxd4 d6 5. Bc4 Nf6 6. Nc3 g6 7. Bg5 Bg7 8.
Qd2 h6 9. Be3 Bd7 10. a3 Ng4 11. h3 Nxe3 12. fxe3 Ne5 13. Ba2 Rc8 14. Qe2 O-O
15. O-O Qb6 16. Nd5 Qd8 17. Nf4 e6 18. Rad1 Qb6 19. c3 a6 20. Kh1 Qc7 21. Rf2
b5 22. Qf1 Qb7 23. Nfxe6 fxe6 24. Nxe6 Bxe6 25. Bxe6+ Kh7 26. Bxc8 Rxc8 27.
Rxd6 Qxe4 28. Rxa6 Qxe3 29. Re2 Qd3 30. Ra7 Re8 31. Qe1 Qd5 32. Rc7 Qd6 33. Rb7
Qd5 34. Rc7 Nf3 35. Rxg7+ Kxg7 36. Re7+ Kf6 0-1

[Event "Stuttgarter Stadtmeisterschaft"]
[Site "Ditzingen"]
[Date "2008.05.01"]
[Round "1.28"]
[White "Faerber, Eric"]
[Black "Funk, Patrick"]
[Result "1/2-1/2"]
[WhiteElo "1503"]
[BlackElo "1723"]
[PlyCount "86"]
[EventDate "2008.05.??"]
[EventType "swiss"]
[EventRounds "7"]
[EventCountry "GER"]

1. d4 d5 2. Nf3 Nf6 3. e3 Bg4 4. Be2 Nbd7 5. Nbd2 c6 6. b3 e6 7. Bb2 Be7 8. O-O
O-O 9. c4 c5 10. Rc1 cxd4 11. exd4 b6 12. Ne5 Bxe2 13. Qxe2 Rc8 14. Ndf3 Ne4
15. cxd5 Nxe5 16. Qxe4 Nxf3+ 17. Qxf3 Qxd5 18. Qxd5 exd5 19. Rxc8 Rxc8 20. Rc1
Re8 21. Re1 Kf8 22. g3 b5 23. Rc1 a5 24. Rc7 Bb4 25. Bc3 Bxc3 26. Rxc3 Re2 27.
Rc5 Rxa2 28. Rxb5 Rb2 29. Rxa5 Rxb3 30. Rxd5 Rd3 31. Kf1 Ke7 32. Ke2 Ra3 33.
Re5+ Kd7 34. Re3 Ra2+ 35. Kf3 Rd2 36. Re4 f5 37. Rh4 h6 38. Ke3 Rd1 39. Ke2 Ra1
40. Kf3 Ra3+ 41. Ke2 Ra2+ 42. Kf1 Ra1+ 43. Kg2 Rd1 1/2-1/2